Víťaz nad Karolom Marxom
Myšlienky kancelára Spolkovej republiky Nemecko Helmuta Kohla o prof. Dr. Ludwigovi Erhardovi, ktorý bol v r. 1949-1963 nemeckým ministrom hospodárstva a potom 4 roky spolkovým kancelárom. Myšlienky odzneli po prvý raz 4. 2. 1997 k nedožitej storočnici L. Erharda.
Salvato in:
| Autore principale: | |
|---|---|
| Natura: | Capitolo di libro |
| Lingua: | slovacco |
| Soggetti: | |
| Tags: |
Nessun Tag, puoi essere il primo ad aggiungerne!!
|
MARC
| LEADER | 00000naa a2200000 4500 | ||
|---|---|---|---|
| 001 | r026412 | ||
| 005 | 20230824090225.8 | ||
| 041 | 0 | |a slo | |
| 044 | |a SK | ||
| 245 | 1 | 0 | |a Víťaz nad Karolom Marxom |c H. Kohl |
| 520 | |a Myšlienky kancelára Spolkovej republiky Nemecko Helmuta Kohla o prof. Dr. Ludwigovi Erhardovi, ktorý bol v r. 1949-1963 nemeckým ministrom hospodárstva a potom 4 roky spolkovým kancelárom. Myšlienky odzneli po prvý raz 4. 2. 1997 k nedožitej storočnici L. Erharda. | ||
| 610 | 2 | 0 | |a Nemecko |
| 610 | 2 | 0 | |a február |
| 610 | 2 | 0 | |a 1997 |
| 610 | 2 | 0 | |a Erhard, L. |
| 610 | 2 | 0 | |a politika hospodárska |
| 610 | 2 | 0 | |a myslenie ekonomické |
| 610 | 2 | 0 | |a hospodárstvo trhové |
| 100 | 1 | |a Kohl, H. | |